Design of reinforced masonry structures

Wedi'i Gadw mewn:
Manylion Llyfryddiaeth
Prif Awdur: Taly, Narendra
Fformat: Llyfr
Iaith:Undetermined
Cyhoeddwyd: New York McGraw- Hill 2000
Pynciau:
Tagiau: Ychwanegu Tag
Dim Tagiau, Byddwch y cyntaf i dagio'r cofnod hwn!
Thư viện lưu trữ: Trung tâm Học liệu Trường Đại học Cần Thơ
LEADER 00535nam a2200193Ia 4500
001 CTU_75094
008 210402s9999 xx 000 0 und d
020 |b 1413000 
082 |a 693.1 
082 |b T152 
100 |a Taly, Narendra 
245 0 |a Design of reinforced masonry structures 
245 0 |c Narendra Taly 
260 |a New York 
260 |b McGraw- Hill 
260 |c 2000 
650 |a Reinforced concrete construction,Building, brick 
904 |i Truc,Hải 
980 |a Trung tâm Học liệu Trường Đại học Cần Thơ